Significance of the structure of laticifer with relation to the exudation of latex in Hevea brasiliensis (Record no. 68687)

MARC details
000 -LEADER
fixed length control field 00475nam a2200133Ia 4500
100 ## - MAIN ENTRY--AUTHOR NAME
Personal name Xiuqian Z
245 #0 - TITLE STATEMENT
Title Significance of the structure of laticifer with relation to the exudation of latex in Hevea brasiliensis
260 ## - PUBLICATION, DISTRIBUTION, ETC. (IMPRINT)
Name of publisher Proceedings of the IRRDB Symposium: Rubber Physiology and Exploitation, China, 1986; p68-74
650 ## - SUBJECT ADDED ENTRY--TOPICAL TERM
Topical Term Hevea brasiliensis
650 ## - SUBJECT ADDED ENTRY--TOPICAL TERM
Topical Term Latex exudation
650 ## - SUBJECT ADDED ENTRY--TOPICAL TERM
Topical Term Laticifer
942 ## - ADDED ENTRY ELEMENTS (KOHA)
Koha item type Journals
Holdings
Withdrawn status Lost status Damaged status Not for loan Home library Current library Shelving location Date acquired Koha item type
      Journals RRII Library RRII Library Physiology 17/12/2021 Journals